The practice of counselling (Record no. 331028)

000 -LEADER
fixed length control field nam a22 7a 4500
003 - CONTROL NUMBER IDENTIFIER
control field NUST
005 - DATE AND TIME OF LATEST TRANSACTION
control field 20170829113229.0
008 - FIXED-LENGTH DATA ELEMENTS--GENERAL INFORMATION
fixed length control field 170829b xxu||||| |||| 00| 0 eng d
020 ## - INTERNATIONAL STANDARD BOOK NUMBER
International Standard Book Number 9780170129787
040 ## - CATALOGING SOURCE
Transcribing agency NUST
082 ## - DEWEY DECIMAL CLASSIFICATION NUMBER
Classification number 201
100 ## - MAIN ENTRY--PERSONAL NAME
Personal name Pelling,Nadine, Bowers,Randolph & Armstrong, Philp
9 (RLIN) 4425
245 ## - TITLE STATEMENT
Title The practice of counselling
260 ## - PUBLICATION, DISTRIBUTION, ETC.
Place of publication, distribution, etc. Australia
Name of publisher, distributor, etc. THOMSON
Date of publication, distribution, etc. 2007
300 ## - PHYSICAL DESCRIPTION
Extent 522 P,
942 ## - ADDED ENTRY ELEMENTS (KOHA)
Source of classification or shelving scheme
Koha item type Book
Holdings
Withdrawn status Lost status Source of classification or shelving scheme Damaged status Not for loan Permanent Location Current Location Shelving location Date acquired Total Checkouts Full call number Barcode Date last seen Date last checked out Price effective from Koha item type
          Central Library (CL) Central Library (CL) General Stacks 08/29/2017 1 158.1 PEL S3H-C-114 10/29/2019 07/26/2019 08/29/2017 Book
© 2023 Central Library, National University of Sciences and Technology. All Rights Reserved.